000 01280cam a2200301 a 4500
001 1541206
003 OSt
005 20240628122702.0
008 910509m19911991dcua b 000 0 eng
010 _a 91004324
020 _a0821318438 (v. 1)
020 _a0821318446 (v. 2)
020 _a0821318454 (v. 3)
040 _cMUST
082 0 0 _a333.7 ENV 1991
110 2 _aWorld Bank.
_bEnvironment Department.
_918345
245 1 0 _aEnvironmental assessment sourcebook /
_cEnvironment Department.
260 _aWashington, D.C. :
_bWorld Bank,
_c1991.
300 _a3 v. :
_bill. ;
_c27 cm.
440 0 _aWorld Bank technical paper,
_x0253-7494 ;
_vno. 139-140, 154
_918346
504 _aIncludes bibliographical references.
505 1 _av. 1. Policies, procedures, and cross-sectoral issues -- v. 2. sectoral guidelines -- v. 3. Guidelines for environmental assessment of energy and industry projects.
650 0 _aEconomic development
_xEnvironmental aspects.
_91104
650 0 _aEnvironmental impact analysis.
_97449
906 _a7
_bcbc
_corignew
_d1
_eocip
_f19
_gy-gencatlg
942 _2ddc
_cO_SHELF
999 _c9022
_d9022